[Event "Hull 4NCL International GM Event"]
[Site "Hull"]
[Date "2019.10.30"]
[Round "1"]
[Board "1"]
[White "Turner, Matthew J"]
[Black "Merry, Alan B"]
[Result "0-1"]
[WhiteElo "2519"]
[BlackElo "2426"]
[PlyCount "0"]
[EventDate "2019.10.30"]
[EventRounds "9"]
[EventCountry "ENG"]

1. Nf3 {[%clk 01:30:53]} {[%emt 00:00:06]} b6 {[%clk 01:30:57]} {[%emt
00:00:04]} 2. d4 {[%clk 01:30:37]} {[%emt 00:00:46]} Bb7 {[%clk 01:31:23]}
{[%emt 00:00:04]} 3. Bg5 {[%clk 01:30:14]} {[%emt 00:00:52]} Nf6 {[%clk
01:31:39]} {[%emt 00:00:14]} 4. e3 {[%clk 01:28:05]} {[%emt 00:02:38]} g6
{[%clk 01:32:02]} {[%emt 00:00:08]} 5. Bd3 {[%clk 01:26:11]} {[%emt 00:02:24]}
Bg7 {[%clk 01:32:28]} {[%emt 00:00:04]} 6. O-O {[%clk 01:26:14]} {[%emt
00:00:27]} O-O {[%clk 01:32:49]} {[%emt 00:00:08]} 7. Nbd2 {[%clk 01:20:18]}
{[%emt 00:06:26]} c5 {[%clk 01:32:24]} {[%emt 00:00:55]} 8. c3 {[%clk
01:20:17]} {[%emt 00:00:31]} d5 {[%clk 01:32:23]} {[%emt 00:00:30]} 9. Qb1
{[%clk 01:11:47]} {[%emt 00:09:00]} Nbd7 {[%clk 01:26:58]} {[%emt 00:05:56]} 10.
b4 {[%clk 01:08:09]} {[%emt 00:04:08]} c4 {[%clk 01:18:33]} {[%emt 00:08:55]}
11. Bc2 {[%clk 01:08:05]} {[%emt 00:00:34]} b5 {[%clk 01:18:47]} {[%emt
00:00:16]} 12. a4 {[%clk 01:07:56]} {[%emt 00:00:39]} a6 {[%clk 01:19:14]}
{[%emt 00:00:03]} 13. Re1 {[%clk 01:06:58]} {[%emt 00:01:28]} Re8 {[%clk
01:18:49]} {[%emt 00:00:54]} 14. e4 {[%clk 01:02:19]} {[%emt 00:05:09]} dxe4
{[%clk 01:18:52]} {[%emt 00:00:27]} 15. Nxe4 {[%clk 01:02:35]} {[%emt
00:00:14]} Nb6 {[%clk 01:13:07]} {[%emt 00:06:14]} 16. Nc5 {[%clk 00:37:17]}
{[%emt 00:25:49]} Bxf3 {[%clk 01:07:06]} {[%emt 00:06:31]} 17. gxf3 {[%clk
00:37:35]} {[%emt 00:00:12]} Nfd5 {[%clk 00:56:03]} {[%emt 00:11:32]} 18. Ra3
{[%clk 00:31:34]} {[%emt 00:06:32]} Qd6 {[%clk 00:53:39]} {[%emt 00:02:54]} 19.
Bh4 {[%clk 00:16:57]} {[%emt 00:15:07]} e5 {[%clk 00:39:15]} {[%emt 00:14:54]}
20. Bg3 {[%clk 00:13:10]} {[%emt 00:04:17]} f5 {[%clk 00:37:55]} {[%emt
00:01:51]} 21. axb5 {[%clk 00:09:25]} {[%emt 00:04:15]} f4 {[%clk 00:36:06]}
{[%emt 00:02:18]} 22. Bh4 {[%clk 00:09:40]} {[%emt 00:00:15]} axb5 {[%clk
00:28:07]} {[%emt 00:08:29]} 23. Rxa8 {[%clk 00:08:05]} {[%emt 00:02:06]} Rxa8
{[%clk 00:28:01]} {[%emt 00:00:35]} 24. Ne4 {[%clk 00:08:19]} {[%emt 00:00:16]}
Qc7 {[%clk 00:16:15]} {[%emt 00:12:15]} 25. Kg2 {[%clk 00:03:31]} {[%emt
00:05:20]} exd4 {[%clk 00:14:38]} {[%emt 00:02:07]} 26. cxd4 {[%clk 00:03:57]}
{[%emt 00:00:04]} Bxd4 {[%clk 00:12:02]} {[%emt 00:03:05]} 27. Ng5 {[%clk
00:04:15]} {[%emt 00:00:12]} Nc3 {[%clk 00:05:26]} {[%emt 00:07:06]} 28. Qc1
{[%clk 00:04:23]} {[%emt 00:00:22]} Bf6 {[%clk 00:04:40]} {[%emt 00:01:16]} 29.
Re6 {[%clk 00:03:36]} {[%emt 00:01:17]} Nbd5 {[%clk 00:04:00]} {[%emt
00:01:10]} 30. Be4 {[%clk 00:03:32]} {[%emt 00:00:34]} Nxe4 {[%clk 00:02:13]}
{[%emt 00:02:17]} 31. fxe4 {[%clk 00:03:58]} {[%emt 00:00:04]} f3+ {[%clk
00:01:56]} {[%emt 00:00:47]} 32. Kh1 {[%clk 00:02:26]} {[%emt 00:02:03]} Qf4
{[%clk 00:01:56]} {[%emt 00:00:30]} 33. Qd1 {[%clk 00:02:34]} {[%emt 00:00:22]}
Qxh4 {[%clk 00:00:59]} {[%emt 00:01:27]} 34. Nxf3 {[%clk 00:02:53]} {[%emt
00:00:11]} Qxf2 {[%clk 00:00:57]} {[%emt 00:00:32]} 35. exd5 {[%clk 00:03:02]}
{[%emt 00:00:22]} Ra1 {[%clk 00:00:45]} {[%emt 00:00:10]}  0-1

[Event "Hull 4NCL International GM Event"]
[Site "Hull"]
[Date "2019.10.30"]
[Round "1"]
[Board "3"]
[White "Roberson, Peter T"]
[Black "Gonda, Laszlo"]
[Result "1/2-1/2"]
[WhiteElo "2437"]
[BlackElo "2541"]
[PlyCount "0"]
[EventDate "2019.10.30"]
[EventRounds "9"]
[EventCountry "ENG"]

1. e4 {[%clk 01:30:57]} {[%emt 00:00:02]} e5 {[%clk 01:30:58]} {[%emt
00:00:02]} 2. Nf3 {[%clk 01:31:21]} {[%emt 00:00:06]} Nc6 {[%clk 01:31:26]}
{[%emt 00:00:03]} 3. Bb5 {[%clk 01:31:47]} {[%emt 00:00:04]} Nf6 {[%clk
01:31:52]} {[%emt 00:00:04]} 4. O-O {[%clk 01:31:51]} {[%emt 00:00:25]} Nxe4
{[%clk 01:32:18]} {[%emt 00:00:05]} 5. Re1 {[%clk 01:31:39]} {[%emt 00:00:42]}
Nd6 {[%clk 01:32:43]} {[%emt 00:00:05]} 6. Nxe5 {[%clk 01:32:03]} {[%emt
00:00:06]} Be7 {[%clk 01:32:57]} {[%emt 00:00:17]} 7. Bf1 {[%clk 01:32:05]}
{[%emt 00:00:28]} Nxe5 {[%clk 01:33:16]} {[%emt 00:00:10]} 8. Rxe5 {[%clk
01:32:31]} {[%emt 00:00:03]} O-O {[%clk 01:33:41]} {[%emt 00:00:05]} 9. d4
{[%clk 01:32:05]} {[%emt 00:00:56]} Bf6 {[%clk 01:34:05]} {[%emt 00:00:07]} 10.
Re1 {[%clk 01:32:26]} {[%emt 00:00:09]} Re8 {[%clk 01:34:19]} {[%emt 00:00:16]}
11. Bf4 {[%clk 01:30:12]} {[%emt 00:02:44]} Rxe1 {[%clk 00:59:37]} {[%emt
00:35:12]} 12. Qxe1 {[%clk 01:30:33]} {[%emt 00:00:08]} Ne8 {[%clk 00:59:56]}
{[%emt 00:00:11]} 13. Nc3 {[%clk 01:29:33]} {[%emt 00:01:30]} d6 {[%clk
00:54:59]} {[%emt 00:05:27]} 14. Nd5 {[%clk 01:27:40]} {[%emt 00:02:23]} Be6
{[%clk 00:54:01]} {[%emt 00:01:29]} 15. Nxf6+ {[%clk 01:26:59]} {[%emt
00:01:10]} Qxf6 {[%emt 00:11:41]} 16. Qe3 {[%clk 01:19:39]} Qg6 {[%clk
00:49:53]} {[%emt 00:01:17]} 17. c4 {[%clk 01:05:52]} {[%emt 00:14:17]} Qc2
{[%clk 00:46:21]} {[%emt 00:04:03]} 18. b3 {[%clk 00:52:54]} {[%emt 00:13:28]}
Nf6 {[%clk 00:41:15]} {[%emt 00:05:35]} 19. d5 {[%clk 00:24:45]} {[%emt
00:28:39]} Qb2 {[%clk 00:36:36]} {[%emt 00:05:09]} 20. Re1 {[%clk 00:18:30]}
{[%emt 00:06:45]} Bd7 {[%clk 00:36:21]} {[%emt 00:00:45]} 21. Qd2 {[%clk
00:17:11]} {[%emt 00:01:49]} Qxd2 {[%clk 00:29:05]} {[%emt 00:07:46]} 22. Bxd2
{[%clk 00:17:37]} {[%emt 00:00:03]} c6 {[%clk 00:29:04]} {[%emt 00:00:31]} 23.
dxc6 {[%clk 00:16:07]} {[%emt 00:02:01]} Bxc6 {[%clk 00:29:33]} {[%emt
00:00:02]} 24. f3 {[%clk 00:14:10]} {[%emt 00:02:26]} Re8 {[%clk 00:17:23]}
{[%emt 00:12:40]} 25. Rxe8+ {[%clk 00:07:10]} {[%emt 00:07:30]} Nxe8 {[%clk
00:17:51]} {[%emt 00:00:02]} 26. Kf2 {[%clk 00:07:17]} {[%emt 00:00:22]} Kf8
{[%clk 00:17:38]} {[%emt 00:00:43]} 27. Bd3 {[%clk 00:07:43]} {[%emt 00:00:04]}
g6 {[%clk 00:17:02]} {[%emt 00:01:05]} 28. Bg5 {[%clk 00:05:27]} {[%emt
00:02:47]} Nc7 {[%clk 00:13:28]} {[%emt 00:04:04]} 29. Ke3 {[%clk 00:04:46]}
{[%emt 00:01:10]} Ne6 {[%clk 00:13:34]} {[%emt 00:00:24]} 30. Bf6 {[%clk
00:04:44]} {[%emt 00:00:33]} d5 {[%clk 00:13:59]} {[%emt 00:00:05]} 31. b4
{[%clk 00:01:54]} {[%emt 00:03:20]} dxc4 {[%clk 00:14:09]} {[%emt 00:00:20]} 32.
Bxc4 {[%clk 00:02:22]} {[%emt 00:00:02]} a6 {[%clk 00:14:21]} {[%emt 00:00:19]}
33. a3 {[%clk 00:01:47]} {[%emt 00:01:05]} Ke8 {[%clk 00:14:07]} {[%emt
00:00:43]} 34. g4 {[%clk 00:01:40]} {[%emt 00:00:37]} Nc7 {[%clk 00:14:32]}
{[%emt 00:00:06]} 35. Be5 {[%clk 00:01:08]} {[%emt 00:01:01]} Nb5 {[%clk
00:14:07]} {[%emt 00:00:55]} 36. a4 {[%clk 00:00:51]} {[%emt 00:00:47]} Na3
{[%clk 00:14:31]} {[%emt 00:00:06]} 37. Bb3 {[%clk 00:01:01]} {[%emt 00:00:20]}
b5 {[%clk 00:14:57]} {[%emt 00:00:05]} 38. axb5 {[%clk 00:00:50]} {[%emt
00:00:41]} axb5 {[%clk 00:15:25]} {[%emt 00:00:01]} 39. Bd4 {[%clk 00:00:44]}
{[%emt 00:00:36]} Nc4+ {[%clk 00:15:10]} {[%emt 00:00:46]} 40. Kf4 {[%clk
00:00:35]} {[%emt 00:00:39]} Ke7 {[%clk 00:14:57]} {[%emt 00:00:43]} 41. h4
{[%clk 00:00:36]} {[%emt 00:00:28]} h5 {[%clk 00:14:55]} {[%emt 00:00:32]} 42.
gxh5 {[%clk 00:00:43]} {[%emt 00:00:24]} gxh5 {[%clk 00:15:24]} 43. Bd1 {[%clk
00:00:39]} {[%emt 00:00:34]} f6 {[%clk 00:15:27]} {[%emt 00:00:28]} 44. Bc2
{[%clk 00:00:42]} {[%emt 00:00:26]} Nd2 {[%clk 00:15:26]} {[%emt 00:00:31]} 45.
Bd1 {[%clk 00:00:40]} {[%emt 00:00:33]} Ke6 {[%clk 00:15:46]} {[%emt 00:00:09]}
46. Be3 {[%clk 00:00:36]} {[%emt 00:00:34]} Nc4 {[%clk 00:15:55]} {[%emt
00:00:22]} 47. Bb3 {[%clk 00:00:38]} {[%emt 00:00:30]} Bd5 {[%clk 00:12:57]}
{[%emt 00:03:25]} 48. Bxc4 {[%clk 00:00:37]} {[%emt 00:00:31]} Bxc4 {[%clk
00:13:17]} {[%emt 00:00:10]}  1/2-1/2

[Event "Hull 4NCL International GM Event"]
[Site "Hull"]
[Date "2019.10.30"]
[Round "1"]
[Board "4"]
[White "Palliser, Richard J D"]
[Black "Haria, Ravi"]
[Result "0-1"]
[WhiteElo "2413"]
[BlackElo "2463"]
[PlyCount "0"]
[EventDate "2019.10.30"]
[EventRounds "9"]
[EventCountry "ENG"]

1. d4 {[%clk 01:30:57]} {[%emt 00:00:02]} e6 {[%clk 01:30:55]} {[%emt
00:00:05]} 2. c4 {[%clk 01:31:23]} {[%emt 00:00:04]} d5 {[%clk 01:31:21]}
{[%emt 00:00:04]} 3. Nc3 {[%clk 01:31:47]} {[%emt 00:00:05]} c6 {[%clk
01:31:49]} {[%emt 00:00:03]} 4. Nf3 {[%clk 01:31:29]} {[%emt 00:00:48]} dxc4
{[%clk 01:31:15]} {[%emt 00:01:04]} 5. e3 {[%clk 01:29:10]} {[%emt 00:02:49]}
b5 {[%clk 01:31:14]} {[%emt 00:00:32]} 6. a4 {[%clk 01:29:37]} {[%emt
00:00:03]} Bb4 {[%clk 01:31:15]} {[%emt 00:00:28]} 7. Bd2 {[%clk 01:29:49]}
{[%emt 00:00:19]} a5 {[%clk 01:30:25]} {[%emt 00:01:20]} 8. axb5 {[%clk
01:27:25]} {[%emt 00:02:54]} Bxc3 {[%clk 01:30:44]} {[%emt 00:00:10]} 9. Bxc3
{[%clk 01:27:51]} {[%emt 00:00:04]} cxb5 {[%clk 01:31:10]} {[%emt 00:00:05]} 10.
b3 {[%clk 01:28:04]} {[%emt 00:00:17]} Bb7 {[%clk 01:31:18]} {[%emt 00:00:21]}
11. d5 {[%clk 01:26:44]} {[%emt 00:01:50]} Nf6 {[%clk 01:27:09]} {[%emt
00:04:39]} 12. bxc4 {[%clk 01:25:41]} {[%emt 00:01:33]} b4 {[%clk 01:25:25]}
{[%emt 00:02:14]} 13. Bxf6 {[%clk 01:24:19]} {[%emt 00:01:52]} Qxf6 {[%clk
01:25:46]} {[%emt 00:00:09]} 14. Qa4+ {[%clk 01:24:43]} {[%emt 00:00:07]} Nd7
{[%clk 01:25:59]} {[%emt 00:00:17]} 15. Nd4 {[%clk 01:23:45]} {[%emt 00:01:27]}
Qe7 {[%clk 01:25:03]} {[%emt 00:01:26]} 16. Qb5 {[%clk 01:03:25]} {[%emt
00:20:50]} Rb8 {[%clk 01:23:04]} {[%emt 00:02:30]} 17. Qxa5 {[%clk 00:50:42]}
{[%emt 00:13:13]} O-O {[%clk 01:13:47]} {[%emt 00:09:46]} 18. Rb1 {[%clk
00:28:22]} {[%emt 00:22:50]} exd5 {[%clk 01:05:20]} {[%emt 00:08:56]} 19. Qxb4
{[%clk 00:25:13]} {[%emt 00:03:39]} Qe4 {[%clk 00:55:28]} {[%emt 00:10:22]} 20.
Nb5 {[%clk 00:22:22]} {[%emt 00:03:20]} Ba6 {[%clk 00:43:54]} {[%emt 00:12:04]}
21. cxd5 {[%clk 00:05:00]} {[%emt 00:17:52]} Qg6 {[%clk 00:40:14]} {[%emt
00:04:10]} 22. h4 {[%clk 00:02:00]} {[%emt 00:03:30]} Rb6 {[%clk 00:18:58]}
{[%emt 00:21:46]} 23. h5 {[%clk 00:01:07]} {[%emt 00:01:23]} Qc2 {[%clk
00:18:23]} {[%emt 00:01:05]} 24. Rh4 {[%clk 00:01:08]} {[%emt 00:00:30]} Bxb5
{[%clk 00:05:16]} {[%emt 00:13:37]} 25. Bxb5 {[%clk 00:01:30]} {[%emt
00:00:08]} Rfb8 {[%clk 00:05:34]} {[%emt 00:00:12]} 26. Rc4 {[%clk 00:00:45]}
{[%emt 00:01:15]} Rxb5 {[%clk 00:05:14]} {[%emt 00:00:50]} 27. Rxc2 {[%clk
00:01:04]} {[%emt 00:00:11]} Rxb4 {[%clk 00:05:40]} {[%emt 00:00:04]} 28. Rxb4
{[%clk 00:01:31]} {[%emt 00:00:03]} Rxb4 {[%clk 00:06:05]} {[%emt 00:00:05]} 29.
Rc8+ {[%clk 00:00:44]} {[%emt 00:01:18]} Nf8 {[%clk 00:06:34]} {[%emt
00:00:01]} 30. d6 {[%clk 00:00:46]} {[%emt 00:00:28]} Rb7 {[%clk 00:06:55]}
{[%emt 00:00:09]} 31. e4 {[%clk 00:00:36]} {[%emt 00:00:39]} f6 {[%clk
00:06:04]} {[%emt 00:01:20]} 32. f4 {[%clk 00:00:40]} {[%emt 00:00:26]} Rd7
{[%clk 00:04:13]} {[%emt 00:02:21]} 33. e5 {[%clk 00:01:09]} {[%emt 00:00:02]}
fxe5 {[%clk 00:03:48]} {[%emt 00:00:55]} 34. fxe5 {[%clk 00:01:38]} {[%emt
00:00:01]} Kf7 {[%clk 00:04:08]} {[%emt 00:00:10]} 35. Kf2 {[%clk 00:01:13]}
{[%emt 00:00:54]} Ne6 {[%clk 00:04:24]} {[%emt 00:00:14]} 36. Ke3 {[%clk
00:01:28]} {[%emt 00:00:15]} Rd8 {[%clk 00:04:37]} {[%emt 00:00:17]} 37. Rc2
{[%clk 00:01:41]} {[%emt 00:00:17]} Nf8 {[%clk 00:04:49]} {[%emt 00:00:19]} 38.
Rc7+ {[%clk 00:00:35]} {[%emt 00:01:36]} Nd7 {[%clk 00:05:14]} {[%emt
00:00:05]} 39. Kf4 {[%clk 00:00:35]} {[%emt 00:00:29]} Ke6 {[%clk 00:05:23]}
{[%emt 00:00:21]}  0-1

[Event "Hull 4NCL International GM Event"]
[Site "Hull"]
[Date "2019.10.31"]
[Round "3"]
[Board "1"]
[White "Plat, Vojtech"]
[Black "Merry, Alan B"]
[Result "1/2-1/2"]
[WhiteElo "2573"]
[BlackElo "2426"]
[PlyCount "0"]
[EventDate "2019.10.30"]
[EventRounds "9"]
[EventCountry "ENG"]

1. e4 {[%clk 01:30:53]} {[%emt 00:00:06]} e6 {[%clk 01:30:57]} {[%emt
00:00:03]} 2. Qe2 {[%clk 01:31:18]} {[%emt 00:00:06]} c5 {[%clk 01:31:21]}
{[%emt 00:00:06]} 3. Nf3 {[%clk 01:31:40]} {[%emt 00:00:08]} Nc6 {[%clk
01:31:44]} {[%emt 00:00:07]} 4. g3 {[%clk 01:31:55]} {[%emt 00:00:15]} g6
{[%clk 01:31:46]} {[%emt 00:00:28]} 5. c3 {[%clk 01:32:09]} {[%emt 00:00:16]}
Bg7 {[%clk 01:32:11]} {[%emt 00:00:05]} 6. h4 {[%clk 01:31:33]} {[%emt
00:01:06]} h6 {[%clk 01:32:04]} {[%emt 00:00:37]} 7. d3 {[%clk 01:31:51]}
{[%emt 00:00:12]} d6 {[%clk 01:26:15]} {[%emt 00:06:19]} 8. a4 {[%clk
01:31:36]} {[%emt 00:00:45]} Nge7 {[%clk 01:26:04]} {[%emt 00:00:41]} 9. Be3
{[%clk 01:30:57]} {[%emt 00:01:09]} e5 {[%clk 01:26:17]} {[%emt 00:00:17]} 10.
Qc2 {[%clk 01:27:43]} {[%emt 00:03:43]} Be6 {[%clk 01:25:42]} {[%emt 00:01:05]}
11. Nbd2 {[%clk 01:27:14]} {[%emt 00:01:00]} Qd7 {[%clk 01:24:53]} {[%emt
00:01:19]} 12. a5 {[%clk 01:27:05]} {[%emt 00:00:39]} O-O {[%clk 01:21:13]}
{[%emt 00:04:10]} 13. Be2 {[%clk 01:25:28]} {[%emt 00:02:06]} f5 {[%clk
01:20:55]} {[%emt 00:00:49]} 14. Nf1 {[%clk 01:25:53]} {[%emt 00:00:06]} b6
{[%clk 01:16:56]} {[%emt 00:04:28]} 15. axb6 {[%clk 01:22:28]} {[%emt
00:03:52]} axb6 {[%clk 01:17:22]} {[%emt 00:00:04]} 16. Rxa8 {[%clk 01:21:19]}
{[%emt 00:01:39]} Rxa8 {[%clk 01:17:47]} 17. Qc1 {[%clk 01:21:19]} Na5 18. N3d2
{[%clk 01:21:19]} d5 {[%clk 01:17:47]} 19. f3 {[%clk 01:21:19]} d4 {[%clk
00:48:27]} {[%emt 00:40:05]} 20. Bf2 {[%clk 01:14:05]} {[%emt 00:00:04]} h5
{[%clk 00:45:04]} {[%emt 00:03:53]} 21. exf5 {[%clk 01:11:09]} {[%emt
00:03:26]} gxf5 {[%clk 00:41:45]} {[%emt 00:03:49]} 22. c4 {[%clk 01:10:50]}
{[%emt 00:00:48]} Bh6 {[%clk 00:36:38]} {[%emt 00:05:38]} 23. f4 {[%clk
01:08:27]} {[%emt 00:02:54]} b5 {[%clk 00:33:20]} {[%emt 00:03:48]} 24. b3
{[%clk 00:59:06]} {[%emt 00:09:52]} bxc4 {[%clk 00:26:02]} {[%emt 00:07:47]} 25.
bxc4 {[%clk 00:59:23]} {[%emt 00:00:13]} exf4 {[%clk 00:25:36]} {[%emt
00:00:55]} 26. Qd1 {[%clk 00:59:43]} {[%emt 00:00:10]} Nac6 {[%clk 00:22:52]}
{[%emt 00:03:14]} 27. gxf4 {[%clk 00:58:22]} {[%emt 00:01:51]} Nb4 {[%clk
00:22:04]} {[%emt 00:01:18]} 28. Ng3 {[%clk 00:55:52]} {[%emt 00:03:00]} Ra1
{[%clk 00:14:06]} {[%emt 00:08:27]} 29. Nb1 {[%clk 00:56:20]} {[%emt 00:00:03]}
Na2 {[%clk 00:13:40]} {[%emt 00:00:55]} 30. O-O {[%clk 00:55:06]} {[%emt
00:01:44]} Nc3 {[%clk 00:13:35]} {[%emt 00:00:36]} 31. Qb3 {[%clk 00:55:27]}
{[%emt 00:00:09]} Nxe2+ {[%clk 00:13:07]} {[%emt 00:00:58]} 32. Nxe2 {[%clk
00:55:54]} {[%emt 00:00:03]} Ng6 {[%clk 00:12:00]} {[%emt 00:01:37]} 33. Bg3
{[%clk 00:50:59]} {[%emt 00:05:25]} Qe7 {[%clk 00:10:44]} {[%emt 00:01:45]} 34.
Nd2 {[%clk 00:50:26]} {[%emt 00:01:04]} Rxf1+ {[%clk 00:08:12]} {[%emt
00:03:02]} 35. Kxf1 {[%clk 00:50:55]} Bf7 {[%clk 00:07:18]} {[%emt 00:01:24]}
36. Qb8+ {[%clk 00:50:14]} {[%emt 00:01:11]} Bf8 {[%clk 00:03:52]} {[%emt
00:03:56]} 37. Bf2 {[%clk 00:48:08]} {[%emt 00:02:35]} Qd6 {[%clk 00:02:53]}
{[%emt 00:01:29]} 38. Qb7 {[%clk 00:46:51]} {[%emt 00:01:47]} Be8 {[%clk
00:02:04]} {[%emt 00:01:18]} 39. Qf3 {[%clk 00:45:36]} {[%emt 00:01:46]} Ne7
{[%clk 00:01:05]} {[%emt 00:01:29]} 40. Ng3 {[%clk 00:44:47]} {[%emt 00:01:20]}
Bc6 {[%clk 00:00:50]} {[%emt 00:00:44]} 41. Qe2 {[%clk 00:45:16]} {[%emt
00:00:01]} Qxf4 {[%clk 00:00:46]} {[%emt 00:00:34]} 42. Qe6+ {[%clk 00:45:19]}
{[%emt 00:00:27]} Kh8 {[%clk 00:00:38]} {[%emt 00:00:37]} 43. Qf6+ {[%clk
00:40:15]} {[%emt 00:05:35]} Kg8 {[%clk 00:01:06]} {[%emt 00:00:01]} 44. Qe6+
{[%clk 00:40:12]} {[%emt 00:00:33]} Kh8 {[%clk 00:01:35]} {[%emt 00:00:01]} 45.
Qf7 {[%clk 00:39:15]} {[%emt 00:01:27]} Qxd2 {[%clk 00:01:58]} {[%emt
00:00:08]} 46. Qxf8+ {[%clk 00:39:40]} {[%emt 00:00:05]} Ng8 {[%clk 00:02:23]}
{[%emt 00:00:04]} 47. Qxf5 {[%clk 00:39:41]} {[%emt 00:00:30]} Qd1+ {[%clk
00:02:05]} {[%emt 00:00:48]} 48. Be1 {[%clk 00:40:10]} {[%emt 00:00:01]} Bf3
{[%clk 00:01:20]} {[%emt 00:01:14]} 49. Qxc5 {[%clk 00:32:00]} {[%emt
00:08:41]} Qxd3+ {[%clk 00:01:30]} {[%emt 00:00:20]} 50. Kg1 {[%clk 00:32:29]}
Nh6 {[%clk 00:00:54]} {[%emt 00:01:06]} 51. Qf8+ {[%clk 00:31:44]} {[%emt
00:01:15]} Kh7 {[%clk 00:01:22]} {[%emt 00:00:02]} 52. Qe7+ {[%clk 00:32:01]}
{[%emt 00:00:14]} Kh8 {[%clk 00:01:00]} {[%emt 00:00:51]} 53. Qd8+ {[%clk
00:26:07]} {[%emt 00:06:24]} Kh7 {[%clk 00:01:14]} {[%emt 00:00:16]} 54. Qc7+
{[%clk 00:26:27]} {[%emt 00:00:11]} Kh8 {[%clk 00:01:19]} {[%emt 00:00:25]} 55.
Qb8+ {[%clk 00:25:44]} {[%emt 00:01:12]} Kh7 {[%clk 00:01:44]} {[%emt
00:00:05]} 56. Qa7+ {[%clk 00:25:47]} {[%emt 00:00:28]} Kg8 {[%clk 00:01:36]}
{[%emt 00:00:36]} 57. Qb6 {[%clk 00:23:35]} {[%emt 00:02:44]} Kh7 {[%clk
00:01:31]} {[%emt 00:00:35]} 58. Bf2 {[%clk 00:20:45]} {[%emt 00:03:20]} Qd1+
{[%clk 00:01:23]} {[%emt 00:00:38]} 59. Nf1 {[%clk 00:21:14]} {[%emt 00:00:01]}
Be2 {[%clk 00:01:14]} {[%emt 00:00:38]} 60. Qc7+ {[%clk 00:21:37]} {[%emt
00:00:07]} Kg8 {[%clk 00:00:52]} {[%emt 00:00:51]} 61. Qd8+ {[%clk 00:21:58]}
{[%emt 00:00:09]} Kf7 {[%clk 00:00:54]} {[%emt 00:00:28]} 62. Qd7+ {[%clk
00:21:37]} {[%emt 00:00:51]} Kf8 {[%clk 00:00:47]} {[%emt 00:00:37]} 63. Qd6+
{[%clk 00:22:02]} {[%emt 00:00:06]} Kf7 {[%clk 00:00:56]} {[%emt 00:00:20]} 64.
Qf4+ {[%clk 00:22:25]} {[%emt 00:00:08]} Ke8 {[%clk 00:00:56]} {[%emt
00:00:28]} 65. Bxd4 {[%clk 00:21:35]} {[%emt 00:01:22]} Bxf1 {[%clk 00:00:39]}
{[%emt 00:00:46]} 66. Qe5+ {[%clk 00:21:41]} {[%emt 00:00:23]} Kd7 {[%clk
00:00:35]} {[%emt 00:00:36]} 67. Qd5+ {[%clk 00:21:59]} {[%emt 00:00:11]} Kc8
{[%clk 00:00:41]} {[%emt 00:00:24]} 68. Qc6+ {[%clk 00:21:08]} {[%emt
00:01:21]} Kb8 {[%clk 00:01:10]} {[%emt 00:00:01]} 69. Qe8+ {[%clk 00:20:37]}
{[%emt 00:01:01]} Kc7 {[%clk 00:01:39]} {[%emt 00:00:01]} 70. Qe5+ {[%clk
00:17:06]} {[%emt 00:04:00]} Kd7 {[%clk 00:01:38]} {[%emt 00:00:30]} 71. Qd5+
{[%clk 00:17:18]} {[%emt 00:00:19]} Kc8 {[%clk 00:01:54]} {[%emt 00:00:14]} 72.
Qc6+ {[%clk 00:15:30]} {[%emt 00:02:17]} Kb8 {[%clk 00:02:22]} {[%emt
00:00:02]} 73. Be5+ {[%clk 00:15:15]} {[%emt 00:00:46]} Ka7 {[%clk 00:02:47]}
{[%emt 00:00:05]} 74. Qc7+ {[%clk 00:15:34]} {[%emt 00:00:10]} Ka6 {[%clk
00:03:16]} {[%emt 00:00:02]} 75. Qc8+ {[%clk 00:15:59]} {[%emt 00:00:04]} Ka5
{[%clk 00:01:35]} {[%emt 00:02:11]} 76. Qc5+ {[%clk 00:14:00]} {[%emt
00:02:30]} Ka4 {[%clk 00:00:56]} {[%emt 00:01:09]} 77. Qb5+ {[%clk 00:14:21]}
{[%emt 00:00:08]} Ka3 {[%clk 00:01:25]} {[%emt 00:00:01]} 78. Qa5+ {[%clk
00:12:56]} {[%emt 00:01:55]} Kb3 {[%clk 00:01:53]} {[%emt 00:00:01]} 79. Qb5+
{[%clk 00:13:20]} {[%emt 00:00:07]} Ka3 {[%clk 00:02:20]} {[%emt 00:00:03]} 80.
Qa5+ {[%clk 00:12:40]} {[%emt 00:01:10]}  1/2-1/2